<?xml version="1.0" encoding="UTF-8"?>
<record
    xmlns:xsi="http://www.w3.org/2001/XMLSchema-instance"
    xsi:schemaLocation="http://www.loc.gov/MARC21/slim http://www.loc.gov/standards/marcxml/schema/MARC21slim.xsd"
    xmlns="http://www.loc.gov/MARC21/slim">

  <leader>01277nam a22002057a 4500</leader>
  <controlfield tag="003">NALT</controlfield>
  <controlfield tag="005">20231116133911.0</controlfield>
  <controlfield tag="008">221215b        th ||||| |||| 00| 0 tha d</controlfield>
  <datafield tag="040" ind1=" " ind2=" ">
    <subfield code="a">NALT</subfield>
  </datafield>
  <datafield tag="050" ind1=" " ind2=" ">
    <subfield code="a">PL 4209.5</subfield>
    <subfield code="b">&#xE2A;247&#xE1E; 2565</subfield>
  </datafield>
  <datafield tag="100" ind1="0" ind2=" ">
    <subfield code="a"> </subfield>
    <subfield code="9">59626</subfield>
  </datafield>
  <datafield tag="245" ind1="1" ind2="0">
    <subfield code="a">&#xE1E;&#xE23;&#xE30;&#xE04;&#xE15;&#xE34;&#xE18;&#xE23;&#xE23;&#xE21; &#xE40;&#xE08;&#xE49;&#xE32;&#xE1E;&#xE23;&#xE30;&#xE04;&#xE38;&#xE13; &#xE2A;&#xE21;&#xE40;&#xE14;&#xE47;&#xE08;&#xE1E;&#xE23;&#xE30;&#xE2D;&#xE23;&#xE34;&#xE22;&#xE27;&#xE07;&#xE28;&#xE32;&#xE04;&#xE15;&#xE0D;&#xE32;&#xE13; &#xE2A;&#xE21;&#xE40;&#xE14;&#xE47;&#xE08;&#xE1E;&#xE23;&#xE30;&#xE2A;&#xE31;&#xE07;&#xE06;&#xE23;&#xE32;&#xE0A; &#xE2A;&#xE01;&#xE25;&#xE21;&#xE2B;&#xE32;&#xE2A;&#xE31;&#xE07;&#xE06;&#xE1B;&#xE23;&#xE34;&#xE13;&#xE32;&#xE22;&#xE01; /</subfield>
    <subfield code="c">&#xE2A;&#xE21;&#xE40;&#xE14;&#xE47;&#xE08;&#xE1E;&#xE23;&#xE30;&#xE2D;&#xE23;&#xE34;&#xE22;&#xE27;&#xE07;&#xE28;&#xE32;&#xE04;&#xE15;&#xE0D;&#xE32;&#xE13; &#xE2A;&#xE21;&#xE40;&#xE14;&#xE47;&#xE08;&#xE1E;&#xE23;&#xE30;&#xE2A;&#xE31;&#xE07;&#xE06;&#xE23;&#xE32;&#xE0A; &#xE2A;&#xE01;&#xE25;&#xE21;&#xE2B;&#xE32;&#xE2A;&#xE31;&#xE07;&#xE06;&#xE1B;&#xE23;&#xE34;&#xE13;&#xE32;&#xE22;&#xE01;.</subfield>
  </datafield>
  <datafield tag="260" ind1=" " ind2=" ">
    <subfield code="a">&#xE01;&#xE23;&#xE38;&#xE07;&#xE40;&#xE17;&#xE1E;&#xE2F; :</subfield>
    <subfield code="b">&#xE2A;&#xE33;&#xE19;&#xE31;&#xE01;&#xE07;&#xE32;&#xE19;&#xE40;&#xE25;&#xE02;&#xE32;&#xE18;&#xE34;&#xE01;&#xE32;&#xE23;&#xE2A;&#xE20;&#xE32;&#xE1C;&#xE39;&#xE49;&#xE41;&#xE17;&#xE19;&#xE23;&#xE32;&#xE29;&#xE0E;&#xE23;,</subfield>
    <subfield code="c">2565.</subfield>
  </datafield>
  <datafield tag="300" ind1=" " ind2=" ">
    <subfield code="a">124 &#xE2B;&#xE19;&#xE49;&#xE32; :</subfield>
    <subfield code="b">&#xE20;&#xE32;&#xE1E;&#xE1B;&#xE23;&#xE30;&#xE01;&#xE2D;&#xE1A; ;</subfield>
    <subfield code="c">24 &#xE0B;&#xE21;.</subfield>
  </datafield>
  <datafield tag="600" ind1="0" ind2="4">
    <subfield code="9">61147</subfield>
    <subfield code="a">&#xE2A;&#xE21;&#xE40;&#xE14;&#xE47;&#xE08;&#xE1E;&#xE23;&#xE30;&#xE2D;&#xE23;&#xE34;&#xE22;&#xE27;&#xE07;&#xE28;&#xE32;&#xE04;&#xE15;&#xE0D;&#xE32;&#xE13;,</subfield>
    <subfield code="c">&#xE2A;&#xE21;&#xE40;&#xE14;&#xE47;&#xE08;&#xE1E;&#xE23;&#xE30;&#xE2A;&#xE31;&#xE07;&#xE06;&#xE23;&#xE32;&#xE0A; (&#xE2D;&#xE31;&#xE21;&#xE1E;&#xE23; &#xE2D;&#xE21;&#xE3A;&#xE1E;&#xE42;&#xE23;),</subfield>
    <subfield code="d">2470-</subfield>
  </datafield>
  <datafield tag="650" ind1=" " ind2="4">
    <subfield code="9">23611</subfield>
    <subfield code="a">&#xE1E;&#xE38;&#xE17;&#xE18;&#xE28;&#xE32;&#xE2A;&#xE19;&#xE32;</subfield>
    <subfield code="x">&#xE04;&#xE33;&#xE2A;&#xE31;&#xE48;&#xE07;&#xE2A;&#xE2D;&#xE19; </subfield>
  </datafield>
  <datafield tag="850" ind1=" " ind2=" ">
    <subfield code="a">NALT</subfield>
  </datafield>
  <datafield tag="942" ind1=" " ind2=" ">
    <subfield code="c">GB</subfield>
    <subfield code="2">lcc</subfield>
  </datafield>
  <datafield tag="999" ind1=" " ind2=" ">
    <subfield code="c">101204</subfield>
    <subfield code="d">101204</subfield>
  </datafield>
  <datafield tag="998" ind1=" " ind2=" ">
    <subfield code="j">104</subfield>
    <subfield code="k"> &#xE19;&#xE32;&#xE07;&#xE2A;&#xE32;&#xE27;&#xE2A;&#xE32;&#xE22;&#xE1D;&#xE19;  &#xE14;&#xE35;&#xE07;&#xE32;&#xE21;</subfield>
  </datafield>
  <datafield tag="952" ind1=" " ind2=" ">
    <subfield code="0">0</subfield>
    <subfield code="1">0</subfield>
    <subfield code="2">lcc</subfield>
    <subfield code="4">0</subfield>
    <subfield code="7">0</subfield>
    <subfield code="8">CGBL</subfield>
    <subfield code="a">NALT</subfield>
    <subfield code="b">NALT</subfield>
    <subfield code="c">GEN</subfield>
    <subfield code="d">2022-12-15</subfield>
    <subfield code="o">PL 4209.5 &#xE2A;247&#xE1E; 2565</subfield>
    <subfield code="p">3961213401</subfield>
    <subfield code="r">2023-01-12 00:00:00</subfield>
    <subfield code="t">&#xE09;.1</subfield>
    <subfield code="w">2022-12-15</subfield>
    <subfield code="y">GB</subfield>
  </datafield>
  <datafield tag="952" ind1=" " ind2=" ">
    <subfield code="0">0</subfield>
    <subfield code="1">0</subfield>
    <subfield code="2">local</subfield>
    <subfield code="4">0</subfield>
    <subfield code="7">0</subfield>
    <subfield code="8">CGBL</subfield>
    <subfield code="a">NALT</subfield>
    <subfield code="b">NALT</subfield>
    <subfield code="c">GEN</subfield>
    <subfield code="d">2022-12-15</subfield>
    <subfield code="l">1</subfield>
    <subfield code="m">1</subfield>
    <subfield code="o">PL 4209.5 &#xE2A;247&#xE1E; 2565</subfield>
    <subfield code="p">3961213402</subfield>
    <subfield code="r">2023-03-02 00:00:00</subfield>
    <subfield code="s">2023-02-16</subfield>
    <subfield code="t">&#xE09;.2</subfield>
    <subfield code="w">2022-12-15</subfield>
    <subfield code="y">GB</subfield>
  </datafield>
</record>
